000 00621nam a2200205Ii 4500
003 JO-AjNU
008 230605s9999||||xx |||||||||||||| ||und||
040 _aJO-AjNU
_bara
_erda
_cJO-AjNU
041 _aara
050 1 4 _aLB2805.M2 1985
100 3 _aمحضر، حسين عبد الله ,
_eauthor
_942381
245 0 0 _aالجديد في الإدارة المدرسية
250 _aط4
264 3 1 _aجدة:دار الشروق،1985
300 _a248ص
336 _atext
_btxt
_2rdacontent
337 _aunmediated
_bn
_2rdamedia
338 _avolume
_bnc
_2rdacarrier
650 4 _aإدارة مدرسية
_942382
999 _aA18143
_c21711
_d21711